| 000 | 00871cab a2200301 4500 | ||
|---|---|---|---|
| 001 | ABS51845 | ||
| 008 | 090401t1994 xxu||||| |||| 00| 0 eng d | ||
| 035 | _a(Sirsi) u46473 | ||
| 041 | _aeng | ||
| 100 | _aGlover, P. | ||
| 245 | _aRetro-values | ||
| 260 | _c1994 | ||
| 350 | _a0 | ||
| 490 |
_aMortgage Finance _v126(1543) November 1994, 52-53(2) |
||
| 520 | _aLooks at the preparation of retrospective mortgage valuation reports when lenders claim the original report to have been negligent. | ||
| 650 |
_aEXPERT WITNESS _96239 |
||
| 650 | _aMORTGAGE LENDERS | ||
| 650 | _aMORTGAGE VALUATION REPORTS | ||
| 650 | _aMORTGAGE VALUATIONS | ||
| 650 | _aNEGLIGENCE | ||
| 650 | _aOVER-VALUATION | ||
| 650 | _aRETROSPECTIVE VALUATIONS | ||
| 650 | _aSURVEYORS | ||
| 650 | _aVALUERS | ||
| 690 | _aRATING AND VALUATION | ||
| 942 | _n0 | ||
| 948 | _c04/03/1997 | ||
| 999 |
_c29406 _d29406 |
||